Random Satellite Image Quiz! - Statistics

General Stats
  • This quiz has been taken 207 times
  • The average score is 13 of 20
Answer Stats
% Correct
(Continent) Africa
100%
(US State) Alaska
100%
(Island) Ireland
100%
(Country) Panama
100%
(Country) Qatar
100%
(Country) Cyprus
94%
(Country) India
93%
(Country) Mexico
92%
(Country – Partial View) Norway
92%
(Country) Australia
91%
(Country) France
91%
(Country) Croatia
90%
(Body of Water) Gulf of Mexico
90%
(Country) Madagascar
90%
(River) {Nile} River
89%
(Island) Tasmania
88%
(Country) South Africa
86%
(Country) China
83%
(Nation) Scotland
83%
(Country) Italy
82%
(Country) Philippines
82%
(Country) Iceland
81%
(Body of Water) {Baltic} Sea
80%
(Country) Costa Rica
80%
(US State) Florida
80%
(Country) Bahamas
78%
(Country) Denmark
78%
(Body of Water) {Aegean} Sea
77%
(Body of Water) {Caspian} Sea
77%
(Country) Cuba
77%
(City) Dubai
77%
(Body of Water) {Red} Sea
77%
(Country) Indonesia
76%
(Country) Somalia
76%
(Peninsula) Brittany
75%
(Island) Greenland
75%
(Body of Water) Gulf of {Mexico}
75%
(Peninsula) Korea
75%
(Island) Manhattan
75%
(Country) Portugal
75%
(Region) Scandinavia
75%
(Body of Water) Strait of {Gibraltar}
75%
(Country) Turkey
75%
(Nation) Wales
75%
(Body of Water) {Adriatic} Sea
73%
(US State) Michigan
73%
(Country) New Zealand
73%
(Islands Chain) {Canary} Islands
70%
(Body of Water) English Channel
70%
(Island) {North} Island
70%
(Island) Sicily
70%
(City) Venice
70%
(Country) Estonia
69%
(Country) Fiji
69%
(Island) Puerto Rico
69%
(Mountain Range) Alps
67%
(Body of Water) {Arabian} Sea
67%
(Mountain Range) Himalaya
67%
(Island) Hispaniola
67%
(Peninsula) Kamchatka
67%
(Landmark) The Coliseum
67%
(Country) United Arab Emirates
67%
(Peninsula) Baja California
64%
(Body of Water) Black Sea
64%
(Body of Water) {Caribbean} Sea
64%
(Island) Corsica
64%
(Islands Chain) {Falkland} Islands
64%
(Country) Kuwait
64%
(Lake) Lake {Victoria}
64%
(Island) {Long} Island
64%
(City) Amsterdam
63%
(Country) Tanzania
63%
(Country) Jamaica
62%
(Body of Water) Persian Gulf
62%
(Body of Water) Bay of {Bengal}
60%
(Body of Water) Lake {Baikal}
60%
(City) London
60%
(Building) Pentagon
60%
(Island) Vancouver
60%
(River Delta) {Ganges} River
57%
(Lake) Lake {Michigan}
57%
(Body of Water) {South China} Sea
56%
(Body of Water) {Aral} Sea
55%
(Country) Bahrain
55%
(Peninsula) Crimea
55%
(Island) Hawaii
55%
(Country) Iran
55%
(Country) Malaysia
55%
(Island) Newfoundland
55%
(Country) Tunisia
55%
(Island) Borneo
54%
(Island) Crete
54%
(Peninsula) {Iberian} Peninsula
54%
(City) Istanbul
52%
(Country) Bangladesh
50%
(Mountain Range) Caucasus
50%
(Body of Water) Hudson Bay
50%
(Country) Netherlands
50%
(Region) Patagonia
50%
(Canadian Province) Quebec
50%
(Metro Area) San Francisco
50%
(Island) Sardinia
50%
(Peninsula) Sinai
50%
(Country) Singapore
50%
(Country) Switzerland
47%
(Peninsula) Yucatan
45%
(Peninsula) Indochina
44%
(City) Monaco
43%
(Island) Java
42%
(US State) Washington
41%
(Body of Water) {Bering} Strait
40%
(Body of Water) Puget Sound
38%
(Landmark) The Great Pyramid
38%
(Lake) {Great Bear} Lake
33%
(City) Rome
33%
(Island) Hokkaido
30%
(US State – Partial View) Massachusetts
30%
(Island) Zeeland
30%
(River Delta) Mississippi
29%
(Body of Water) Bay of {Biscay}
25%
(City) Sydney
25%
(Island) Isle of Wight
18%
(City) Montreal
18%
(River Delta) {Pearl} River
18%
(Body of Water) Río de la Plata
17%
(City) Detroit
14%
(Lake) Lake {Eire}
14%
(City) Boston
13%
(River Delta) Danube
13%
(City) Saint Petersburg
13%
(City) Buenos Aires
10%
(Autonomous Region) Hong Kong
10%
(City) Shanghai
7%
(City) Chicago
0%
No matching quizzes found
Score Distribution
Percent of People with Each Score
Percentile by Number Answered
Your Score History
You have not taken this quiz